Religious Orders of the Popes Quiz Stats

 Plays Quiz Updated Jan 16, 2018

Also try: Pope or Nope?
Challenge
Share
Tweet
Embed
Score 0/7 Timer 02:00
0 Plays Today
Number Order % Correct
1Jesuit
84.3%
4Franciscan
82.4%
17Benedictine
54.2%
4Dominican
52.3%
6Augustinian
19.6%
2Cistercian
12.2%
1Theatine
3.6%

You're not logged in!

Compare scores with friends on all Sporcle quizzes.
Join for Free
OR
Log In

You Might Also Like...

Show Comments

Extras

Top Quizzes Today


Score Distribution

Your Account Isn't Verified!

In order to create a playlist on Sporcle, you need to verify the email address you used during registration. Go to your Sporcle Settings to finish the process.

Report this User

Report this user for behavior that violates our Community Guidelines.

Details: